تاريخ العلوم عند العرب / (رقم التسجيلة. 79942)

تفاصيل مارك
000 -الفاتح
عناصر البيانات ثابتة الطول 00665cam a2200205 i 4500
005 - تاريخ ووقت آخر معاملة
حقل ضبط 20260428123114.0
008 - عناصر البيانات ثابتة الطول
عناصر البيانات ثابتة الطول 250721s1987 le gr 000 0 ara d
082 14 - رقم تصنيف ديوي العشري
رقم التصنيف 509.56
رقم المادة ح م ا
100 1# - مدخل رئيسي – اسم شخصي
الاسم الشخصي حمادة، حسين
علاقة الشخص بالعمل/ دوره مؤلف.
245 10 - بيان العنوان
العنوان تاريخ العلوم عند العرب /
بيان المسؤولية حسين حمادة.
264 31 - بيانات النشر، التوزيع…إلخ
مكان النشر، التوزيع...إلخ بيروت :
اسم الناشر، الموزع...إلخ دار الكتاب اللبناني،
تاريخ النشر، التوزيع...إلخ 1987.
300 ## - الوصف المادي
عدد الوحدات المكونة للوعاء 256 صفحة.
650 17 - مدخل إضافي بالموضوع - مصطلح موضوعي
مصطلح موضوعي أو اسم جغرافي كعنصر مدخل العلوم.
650 17 - مدخل إضافي بالموضوع - مصطلح موضوعي
مصطلح موضوعي أو اسم جغرافي كعنصر مدخل العلوم الطبيعية.
650 17 - مدخل إضافي بالموضوع - مصطلح موضوعي
مصطلح موضوعي أو اسم جغرافي كعنصر مدخل العلوم الطبية.
650 17 - مدخل إضافي بالموضوع - مصطلح موضوعي
مصطلح موضوعي أو اسم جغرافي كعنصر مدخل العرب.
650 17 - مدخل إضافي بالموضوع - مصطلح موضوعي
مصطلح موضوعي أو اسم جغرافي كعنصر مدخل التاريخ.
942 ## - بيانات إضافية (كوها)
نوع التنصيف Dewey Decimal Classification
نوع المادة (كوها) كتب
المقتنيات
حالة السحب حالة الفقدان مصدر التصنيف حالة التلف غير قابل للإعارة المكتبة الرئيسية المكتبة الحالية موقع الرف تاريخ التزويد الرقم المتسلسل Total Checkouts رقم الإستدعاء الباركود تاريخ آخر ظهور تاريخ الفاتورة نوع المادة (كوها)
    Dewey Decimal Classification Damaged   المكتبة المركزية المكتبة المركزية الإعارة 28/07/2025 1480640   509.56 / ح م ا PLD00241878 28/07/2025 28/07/2025 كتب
Implemented & Customized by: BBB with SCIT (Smart Chains for Information Technology)

Powered by Koha